personnage One Piece par lettre - Statistiques

Statistiques générales
  • Ce quiz a été pris 202 fois
  • Le résultat moyen est 22 sur 26
Statistiques - réponses
Hint Réponse % Correct
a un homme poisson au longs nez arlong
98%
n navigatrice de l'équipage nami
95%
l personnage principal luffy
93%
z sabreur de l'équipage zoro
93%
e il se prend pour un dieu (skypea) ener
92%
r archéologue de l'équipage robin
92%
o le trésor legendaire one piece
91%
s cuisinier de l'équipage sanji
91%
u tireur d'élite de l'équipage ussop
91%
d un grand corsaire avec une cape rose doflamingo
90%
c ennemi de vivi crocodile
89%
f amiral de la marine qui a le fruit de la gravité fujitora
88%
v fille de cobra vivi
87%
k père de Bonney (fruit des coussinets) kuma
86%
m maitre et rival de zoro mihawk
86%
q commandant de l'équipage de Kaido (cyborg) queen
86%
x capitaine des rocks xebec
82%
t professeur d'Icebarg et de Franky tom
80%
w il a le fruit du glouton wapol
80%
p assistante de gecko Moria perona
77%
j commandant de l'equipage de barbe blanchefruit du diamant joz
76%
i révolutionnaire qui a le fruit des ciseaux inazuma
75%
b une ancienne impératrice des mers big mom
73%
g il est coincé dans un coffre gaimon
69%
y frere de Sanji yonji
69%
h un médecin allié a Moria hogback
62%
Aucun quiz correspondant
Distribution des résultats
% des personnes avec chaque résultat
Percentile par nombre de réponses
Votre historique - résultats
Vous n’avez pas pris ce quiz